[Event "Buenos Aires Masters op"]
[Site "Buenos Aires"]
[Date "2023.06.16"]
[Round "3"]
[White "Acosta, Franco Emanuel"]
[Black "Brizzi, Milagros Tatiana"]
[Result "1/2-1/2"]
[WhiteElo "2072"]
[BlackElo "2112"]
[PlyCount "31"]
[EventDate "2023.06.14"]
[EventType "swiss"]
[EventRounds "9"]
[EventCountry "ARG"]
[SourceTitle "CBM 215 Extra"]
[Source "ChessBase"]
[SourceDate "2023.09.30"]
[SourceVersion "1"]
[SourceVersionDate "2023.09.30"]
[SourceQuality "1"]

1. Nf3 d5 2. c4 c6 3. e3 Nf6 4. Nc3 e6 5. b3 Nbd7 6. Qc2 Bd6 7. Bb2 a6 8. d4 Qe7 9. Bd3 0-0 10. 0-0 e5 11. cxd5 cxd5 12. e4 exd4 13. Nxd5 Nxd5 14. exd5 Ne5 15. Nxe5 Qxe5 16. g3 1/2-1/2

[Event "Buenos Aires Masters op"]
[Site "Buenos Aires"]
[Date "2023.06.15"]
[Round "2"]
[White "Chanduvi, Fidel"]
[Black "Acosta, Franco Emanuel"]
[Result "0-1"]
[WhiteElo "1950"]
[BlackElo "2072"]
[PlyCount "72"]
[EventDate "2023.06.14"]
[EventType "swiss"]
[EventRounds "9"]
[EventCountry "ARG"]
[SourceTitle "CBM 215 Extra"]
[Source "ChessBase"]
[SourceDate "2023.09.30"]
[SourceVersion "1"]
[SourceVersionDate "2023.09.30"]
[SourceQuality "1"]

1. e4 d5 2. e5 c5 3. c3 Nc6 4. d4 cxd4 5. cxd4 Qb6 6. Nf3 Bg4 7. Nbd2 Rc8 8. Be2 Nh6 9. 0-0 Nf5 10. Nb3 e6 11. Be3 Be7 12. h3 Bxf3 13. Bxf3 0-0 14. Bg4 Nxe3 15. fxe3 Nb4 16. Rc1 Nxa2 17. Rxc8 Rxc8 18. Qf3 Rf8 19. Nc1 Nxc1 20. Rxc1 Qxb2 21. Rc7 Qb4 22. Qg3 a5 23. Kh2 a4 24. Bd1 a3 25. Qf2 f5 26. Qa2 Bh4 27. g3 Bg5 28. Bf3 Bxe3 29. Bxd5 exd5 30. Qxd5+ Kh8 31. Rxb7 Qd2+ 32. Qg2 Qxg2+ 33. Kxg2 Bxd4 34. e6 a2 35. e7 Re8 36. Rd7 a1Q 0-1

[Event "Vicente Lopez ProAm 100 Years op"]
[Site "Buenos Aires"]
[Date "2022.10.18"]
[Round "9"]
[White "Acosta, Franco Emanuel"]
[Black "Piasetski, Leon David"]
[Result "1/2-1/2"]
[WhiteElo "1956"]
[BlackElo "2225"]
[PlyCount "111"]
[EventDate "2022.10.11"]
[EventType "swiss"]
[EventRounds "9"]
[EventCountry "ARG"]
[SourceTitle "CBM 210 Extra"]
[Source "ChessBase"]
[SourceDate "2022.11.30"]
[SourceVersion "1"]
[SourceVersionDate "2022.11.30"]
[SourceQuality "1"]

1. e4 c5 2. Nf3 e6 3. b3 a6 4. Bb2 d6 5. d4 cxd4 6. Nxd4 Nf6 7. Nc3 b5 8. a3 Bb7 9. Qe2 Nbd7 10. g4 Qb6 11. 0-0-0 e5 12. Nf5 g6 13. Ng3 Bh6+ 14. Kb1 Bf4 15. Qf3 Nc5 16. h4 h6 17. Nd5 Nxd5 18. exd5 0-0-0 19. Ne2 g5 20. Nxf4 gxf4 21. Be2 f6 22. Bd3 Nxd3 23. Rxd3 Kb8 24. Rd2 Rhg8 25. Qe2 Bc8 26. f3 h5 27. gxh5 Bf5 28. Ka2 Rg3 29. Qf2 Qxf2 30. Rxf2 Rc8 31. Rhh2 Rc5 32. Rhg2 Rxg2 33. Rxg2 Rxc2 34. Rxc2 Bxc2 35. Bc1 Kc7 36. Kb2 Bh7 37. Kc3 Kb6 38. b4 Kc7 39. Bd2 Kd7 40. Be1 Ke7 41. h6 Kf8 42. h5 Bg8 43. Bh4 Bxd5 44. h7 Kg7 45. Bxf6+ Kxh7 46. Be7 Kh6 47. Bxd6 Kxh5 48. Bxe5 Kg5 49. Kd2 Bxf3 50. Ke1 Kf5 51. Bc7 Ke4 52. Kd2 Bg4 53. Bb6 Kd5 54. Kc3 Ke4 55. Kd2 Kf3 56. Ke1 1/2-1/2

[Event "Vicente Lopez ProAm 100 Years op"]
[Site "Buenos Aires"]
[Date "2022.10.12"]
[Round "2"]
[White "Acosta, Franco Emanuel"]
[Black "Bauza Mercere, Eduardo"]
[Result "1-0"]
[WhiteElo "1956"]
[BlackElo "1647"]
[PlyCount "85"]
[EventDate "2022.10.11"]
[EventType "swiss"]
[EventRounds "9"]
[EventCountry "ARG"]
[SourceTitle "CBM 210 Extra"]
[Source "ChessBase"]
[SourceDate "2022.11.30"]
[SourceVersion "1"]
[SourceVersionDate "2022.11.30"]
[SourceQuality "1"]

1. e4 e6 2. b3 d5 3. Bb2 dxe4 4. Nc3 Nf6 5. Qe2 Be7 6. Nxe4 Nxe4 7. Qxe4 Bf6 8. d4 Qd5 9. Bd3 Qxe4+ 10. Bxe4 0-0 11. 0-0-0 c6 12. Nf3 Rd8 13. Ne5 Bd7 14. g3 Be8 15. Ba3 Nd7 16. Ng4 Bg5+ 17. f4 Bxf4+ 18. gxf4 f5 19. Bf3 fxg4 20. Bxg4 Bf7 21. Be7 Re8 22. Bh4 Nf8 23. Rhe1 Ng6 24. Bg3 h6 25. Rd2 Rad8 26. c3 a6 27. Rde2 Nf8 28. Bh4 Rc8 29. Kb2 Bg6 30. Bxe6+ Nxe6 31. Rxe6 Bf7 32. Re7 Kf8 33. Rxb7 Rxe1 34. Bxe1 Re8 35. Bg3 Re2+ 36. Ka3 Bd5 37. Ra7 Be4 38. Rxa6 Bb1 39. Rxc6 Rxa2+ 40. Kb4 Bc2 41. c4 Bd1 42. Re6 Rb2 43. Re3 1-0

[Event "Pan American-ch U18 24th"]
[Site "Pocos de Caldas"]
[Date "2013.07.30"]
[Round "7.7"]
[White "Puppi Lazo, Jorge Luis"]
[Black "Acosta, Franco Emanuel"]
[Result "1-0"]
[WhiteElo "1948"]
[BlackElo "1876"]
[PlyCount "106"]
[EventDate "2013.07.25"]
[EventType "swiss"]
[EventRounds "9"]
[EventCountry "BRA"]
[SourceTitle "EXT 2016"]
[Source "ChessBase"]
[SourceDate "2015.10.08"]
[SourceVersion "1"]
[SourceVersionDate "2015.10.08"]
[SourceQuality "1"]

1. e4 c5 2. Nf3 Nc6 3. d4 cxd4 4. Nxd4 Qb6 5. c3 Nf6 6. Be3 Nxd4 7. Bxd4 Qe6 8. Bd3 Qg4 9. Qxg4 Nxg4 10. f3 Nf6 11. Na3 a6 12. Nc4 b5 13. Nb6 Rb8 14. Nxc8 Rxc8 15. a4 e6 16. axb5 axb5 17. Bxb5 Rb8 18. Ra5 Bd6 19. b4 e5 20. Ba7 Rb7 21. Bd3 Rxb4 22. Bc5 Bxc5 23. Rxc5 Ra4 24. Rxe5+ Kd8 25. 0-0 d6 26. Rb5 Kc7 27. Rfb1 Ra7 28. Bc4 Rf8 29. Kf2 Nd7 30. Ke3 f6 31. Bd5 Nc5 32. Rb6 Ra3 33. Kd4 Rd8 34. Rc6+ Kd7 35. Rbb6 Ke7 36. Rc7+ Rd7 37. Rxd7+ Kxd7 38. Rb8 Ra4+ 39. Ke3 Ra3 40. Kd2 Na4 41. Rb7+ Kd8 42. Rxg7 Nxc3 43. Be6 Nb5 44. Rxh7 Ra1 45. h4 Rg1 46. Bh3 Na3 47. Ke2 Nc4 48. Rf7 Rb1 49. Kf2 Rb2+ 50. Kg3 Ke8 51. Rxf6 Ke7 52. Re6+ Kf7 53. h5 Ne3 1-0

[Event "Pan American-ch U18 24th"]
[Site "Pocos de Caldas"]
[Date "2013.07.29"]
[Round "6.9"]
[White "Acosta, Franco Emanuel"]
[Black "Lopez Raygoza, Luis Alberto"]
[Result "1-0"]
[WhiteElo "1876"]
[BlackElo "2034"]
[PlyCount "87"]
[EventDate "2013.07.25"]
[EventType "swiss"]
[EventRounds "9"]
[EventCountry "BRA"]
[SourceTitle "EXT 2016"]
[Source "ChessBase"]
[SourceDate "2015.10.08"]
[SourceVersion "1"]
[SourceVersionDate "2015.10.08"]
[SourceQuality "1"]

1. b3 Nh6 2. Bb2 d5 3. Nf3 c5 4. e3 Bg4 5. h3 Bxf3 6. Qxf3 e6 7. Bb5+ Nc6 8. c4 a6 9. cxd5 Qxd5 10. Bxc6+ bxc6 11. Nc3 Qxf3 12. gxf3 Nf5 13. Rg1 Be7 14. Ne4 f6 15. Rc1 Kf7 16. Ke2 Rhc8 17. Nxc5 Rab8 18. Rg4 a5 19. Nd3 Bd6 20. Rgc4 Ne7 21. Bd4 Rb5 22. Bc5 Bxc5 23. Rxc5 Rcb8 24. R1c4 Rxc5 25. Rxc5 Rb5 26. a4 Rxb3 27. Rxa5 Nd5 28. Ra7+ Ne7 29. Nc5 Rb4 30. a5 e5 31. a6 Rb5 32. d4 exd4 33. exd4 Ra5 34. Kd3 Kf8 35. Ne6+ Kf7 36. Nc7 Kg6 37. Ra8 Nf5 38. Kc4 Ra4+ 39. Kc5 Nxd4 40. Rd8 Nb3+ 41. Kxc6 Rc4+ 42. Kb6 Nd4 43. a7 Rb4+ 44. Kc5 1-0

[Event "Rio Tercero CF 60 years"]
[Site "Rio Tercero"]
[Date "2012.05.01"]
[Round "6"]
[White "Acosta, Franco Emanuel"]
[Black "Munoz, Clara Belen"]
[Result "1-0"]
[WhiteElo "1772"]
[BlackElo "1370"]
[PlyCount "67"]
[EventDate "2012.04.28"]
[EventType "swiss"]
[EventRounds "9"]
[EventCountry "ARG"]
[SourceTitle "EXT 2013"]
[Source "ChessBase"]
[SourceDate "2012.11.22"]
[SourceVersion "1"]
[SourceVersionDate "2012.11.22"]
[SourceQuality "1"]

1. e4 e5 2. Nf3 Nc6 3. Bb5 a6 4. Ba4 Nf6 5. Qe2 b5 6. Bb3 Bc5 7. c3 d6 8. 0-0 0-0 9. Rd1 Bg4 10. d3 h6 11. Nbd2 a5 12. h3 Bh5 13. Nf1 a4 14. Bc2 a3 15. g4 axb2 16. Bxb2 Nxg4 17. hxg4 Bxg4 18. d4 exd4 19. cxd4 Bb6 20. N1h2 Bh5 21. Qxb5 Bxf3 22. Nxf3 Qd7 23. Qf5 Qd8 24. e5 g6 25. Qf4 Kh7 26. Bc1 Kg8 27. Qxh6 Qd7 28. Qh4 Nb4 29. Bb3 c5 30. Ng5 Rfc8 31. Bxf7+ Kf8 32. Qh8+ Ke7 33. Qf6+ Kf8 34. Nh7# 1-0

[Event "Rio Tercero CF 60 years"]
[Site "Rio Tercero"]
[Date "2012.04.29"]
[Round "4"]
[White "Acosta, Franco Emanuel"]
[Black "Balcarce, Cristian"]
[Result "0-1"]
[WhiteElo "1772"]
[BlackElo "1914"]
[PlyCount "110"]
[EventDate "2012.04.28"]
[EventType "swiss"]
[EventRounds "9"]
[EventCountry "ARG"]
[SourceTitle "EXT 2013"]
[Source "ChessBase"]
[SourceDate "2012.11.22"]
[SourceVersion "1"]
[SourceVersionDate "2012.11.22"]
[SourceQuality "1"]

1. e4 c5 2. Nf3 g6 3. d4 cxd4 4. Nxd4 Nf6 5. f3 Nc6 6. c4 Bg7 7. Nc3 Nxd4 8. Qxd4 d6 9. Be3 0-0 10. Qd2 Be6 11. Be2 Qa5 12. Rc1 Rfc8 13. b3 a6 14. 0-0 b5 15. Nd5 Qxd2 16. Bxd2 Nxd5 17. cxd5 Bd4+ 18. Kh1 Bd7 19. Bh6 f5 20. Bd3 Bb2 21. Rce1 Bf6 22. Rc1 Kf7 23. Be3 Rxc1 24. Rxc1 Rc8 25. Rxc8 Bxc8 26. Kg1 fxe4 27. fxe4 e6 28. dxe6+ Kxe6 29. Bf4 g5 30. Bd2 Bd4+ 31. Kf1 h6 32. Ke2 Ke5 33. h3 Bb7 34. Be1 Bc5 35. b4 Bd4 36. Bg3+ Ke6 37. Be1 d5 38. Kf3 Bb2 39. Bb1 d4 40. g4 Bc1 41. Bc2 Bc6 42. Bd3 Ke5 43. Bg3+ Bf4 44. Bxf4+ gxf4 45. a3 Bd7 46. h4 Be6 47. g5 hxg5 48. hxg5 Bc4 49. Bc2 d3 50. Bd1 Bf7 51. Kf2 Kxe4 52. Bf3+ Kd4 53. Ke1 Ke3 54. Bd1 f3 55. Kf1 Be6 0-1

[Event "Rio Tercero CF 60 years"]
[Site "Rio Tercero"]
[Date "2012.04.28"]
[Round "1"]
[White "Lorenzini, Martin"]
[Black "Acosta, Franco Emanuel"]
[Result "1-0"]
[WhiteElo "2475"]
[BlackElo "1772"]
[PlyCount "53"]
[EventDate "2012.04.28"]
[EventType "swiss"]
[EventRounds "9"]
[EventCountry "ARG"]
[SourceTitle "EXT 2013"]
[Source "ChessBase"]
[SourceDate "2012.11.22"]
[SourceVersion "1"]
[SourceVersionDate "2012.11.22"]
[SourceQuality "1"]

1. e4 d5 2. exd5 Nf6 3. Bb5+ Bd7 4. Be2 Bf5 5. d4 Nxd5 6. Nf3 e6 7. 0-0 Be7 8. c4 Nb6 9. Qb3 c5 10. Be3 Qc7 11. dxc5 Bxc5 12. Nd4 0-0 13. Nc3 Na6 14. Rfd1 Rfd8 15. Bf3 Bg6 16. Rac1 Qe7 17. Ne4 e5 18. Nc2 Bd4 19. Bxd4 exd4 20. Re1 Qc7 21. Nb4 Nxb4 22. Qxb4 Bxe4 23. Bxe4 d3 24. Red1 Qf4 25. c5 Nd5 26. Qc4 Qe5 27. Qxd3 1-0